América latina: economías y sociedades
Gespeichert in:
| Hauptverfasser: | , |
|---|---|
| Format: | Buch |
| Sprache: | Spanisch |
| Veröffentlicht: |
Ciudad de México
Fondo de Cultura Económica
1976
|
| Schriftenreihe: | Obras de Economía
|
| Schlagworte: | |
| Tags: |
Tag hinzufügen
Keine Tags, Fügen Sie den ersten Tag hinzu!
|
MARC
| LEADER | 00000nam a2200000 a 4500 | ||
|---|---|---|---|
| 001 | UCP5992 | ||
| 003 | CL-VaPUC | ||
| 008 | 991008e19760000MX |||||||||||||||||spa|d | ||
| 082 | 0 | 4 | |a 330.098 |b LAM |2 21 |
| 100 | 0 | |a Lambert, Denis-Clair |e author |9 434730 | |
| 700 | |a Martin, Jean-Marie |e author |9 617001 | ||
| 245 | 1 | 0 | |a América latina: economías y sociedades |
| 300 | |a 451 p | ||
| 942 | |c BK | ||
| 945 | |d 19991008 00:00:00 |a crobeson | ||
| 260 | |a Ciudad de México |b Fondo de Cultura Económica |c 1976 | ||
| 650 | 0 | |a Historia económica |9 307218 | |
| 650 | 0 | |a Agricultura |9 255598 | |
| 650 | 0 | |a Industrialización |9 263687 | |
| 650 | 7 | |a DESARROLLO URBANO |2 CL-VaPUC |9 434732 | |
| 650 | 0 | |a Desarrollo económico y social |9 256320 | |
| 650 | 0 | |a Países en desarrollo |9 259663 | |
| 651 | 0 | |a América Latina |9 255027 | |
| 583 | |a last modification |c 19991008 00:00:00 |k Rodrigo Vera | ||
| 490 | 0 | |a Obras de Economía | |
| 999 | |c 283629 |d 283627 | ||
| 952 | |0 0 |1 0 |4 0 |6 330_098000000000000_LAM_1976 |7 0 |8 A |9 326917 |a BIBHIS |b BIBHIS |d 2019-11-20 |i 1358820 |o 330.098 LAM 1976 |p 1358820 |r 2025-01-20 |w 2019-11-20 |y BK |k HIS | ||
| 952 | |0 0 |1 0 |4 0 |6 330_098000000000000_LAM_1976 |7 0 |8 A |9 326918 |a BIBHIS |b BIBHIS |d 2019-11-20 |i 1358839 |o 330.098 LAM 1976 |p 1358839 |r 2025-01-20 |w 2019-11-20 |y BK |k HIS | ||